000 00599nam a2200265Ia 4500
005 20260306164347.0
008 008 260114s9999 xx 000 0 eng d
020 _a9780262280563
037 _aEBOOK
040 _aCRL
040 _beng
040 _cCRL
041 _2eng
041 _aeng
084 _qCRL
100 _aNeumark, Wascher
_91130542
245 0 _aMinimum Wages
260 _bThe MIT Press
260 _c2013
650 _aEconomics & Finance
856 _uhttps://academic.oup.com/book/17633
942 _cEBOOK
999 _c1713783
_d1713783